Pri prameňoch slovenčiny : eseje /

Hlavní autor: Krajčovič, Rudolf, 1927-2014
Jazyk: Slovenština
Vydáno: Martin : Osveta, 1978
Vydání: 1. vyd.
Fyzický popis: 145 s. : il.
Knihy
Uloženo v:
LEADER 00799nam a22002292a 4500
001 000432378
003 CZ BrMZK
005 20080620074904.0
007 ta
008 990307s1978 xo f slo d
040 |a ABA001  |b cze  |c ABA001  |d ABA001  |d BOA001 
100 1 |a Krajčovič, Rudolf,  |d 1927-2014  |7 mzk2002142213  |4 aut 
245 1 0 |a Pri prameňoch slovenčiny :  |b eseje /  |c Rudolf Krajčovič 
250 |a 1. vyd. 
260 |a Martin :  |b Osveta,  |c 1978 
300 |a 145 s. :  |b il. 
504 |a Obsahuje bibliografii 
910 |a BOA001  |b PK-0085.437  |b 1-0803.752 
990 |a BK 
991 |b 200506 
996 7 |b 2619562744  |c 1-0803.752  |l MZK  |r Sklad / do 1 hodiny  |n 0  |w 000432378  |u 000020  |a 1  |e BOA001  |j MZK50  |s A 
996 7 |b 3119829627  |c PK-0085.437  |l MZK  |r Sklad / do 1 hodiny  |n 1  |w 000432378  |u 000010  |a 1  |e BOA001  |j MZK50  |s A